MARC

LEADER 00000nam0a2200000 4500
001 26311
005 20231030201547.0
010 |a 5900614018 
035 |a (RuTPU)RU\TPU\book\26553 
035 |a BOOK00026628 
090 |a 26311 
100 |a 20011209d1993 km y0rusy50 ca 
101 1 |a rus  |e eng 
102 |a RU 
105 |a а z 001zy 
200 1 |a Все про ТЕХ  |e пер. с англ.  |f Д. Э. Кнут 
210 |a Протвино  |c RDTEX  |d 1993 
215 |a 576 с.  |c ил. 
320 |a Предм. указ.: с. 533-573. 
610 1 |a организация производства 
610 1 |a техническая документация 
610 1 |a автоматизированные системы 
610 1 |a вычислительные системы 
610 1 |a тексты 
610 1 |a подготовка 
610 1 |a системы программирования 
610 1 |a ТЕХ 
675 |a 658.512.2.011:681.3  |v 3 
700 1 |a Кнут  |b Д. Э.  |g Дональд Э. 
801 0 |a RU  |b 63413507  |c 20011209  |g PSBO 
801 2 |a RU  |b 63413507  |c 20120126  |g PSBO 
942 |c BK